| 000 | 00356 a2200109 4500 | ||
|---|---|---|---|
| 001 | ART_60282 | ||
| 005 | 20260410162030.0 | ||
| 008 | 260409a | ||
| 245 | 1 | 0 | _aEl consumidor, el vulnerable y los conflictos de competencia |
| 100 | 1 | _aRossi, Jorge O. | |
| 773 | 0 |
_tTemas de derecho procesal _g- Año 8, N° 2/3 (feb./mar. 2024) _wREV44095 |
|
| 999 |
_c33960 _d33960 |
||